000 00836nam a2200205Ii 4500
003 JO-AjNU
008 230605s9999||||xx |||||||||||||| ||und||
017 _a1996/2/279
040 _aJO-AjNU
_bara
_erda
_cJO-AjNU
041 _aara
050 1 4 _aDS154.52.T34 N32 1996
100 3 _aالمركز الاردني والاسلامي بالتعاون مع وزارة الثقافة/عمان-الاردن,
_eauthor
_949970
245 0 0 _aوصفي التل فكرة ومواقفه: وقائع ندوة
264 3 1 _aعمان: المركز الاردني للدراسات، 1996
300 _a95ص
336 _atext
_btxt
_2rdacontent
337 _aunmediated
_bn
_2rdamedia
338 _avolume
_bnc
_2rdacarrier
650 4 _aالساسيون الاردنيون-تراجم ، التل، وصفي مصطفى الوهبي 1919-1971
_949971
999 _aA21982
_c25550
_d25550